Culture Générale - Série 57 - Statistiques

Statistiques générales
  • Ce quiz a été pris 637 fois
  • Le résultat moyen est 3 sur 10
Statistiques - réponses
Question Réponse % Correct
Dans le yoga tantrique,comment appelle-t-on les points de passage d'énergie ? Chakras
68%
Qu'est-ce que le skeleton ? Sport
56%
Terme désignant un enfant des rues du quartier Montmartre de Paris. Ce nom vient du dessinateur qui créa le personnage. Poulbot
23%
Ornement liturgique en forme de bande d'étoffe, longue et étroite, que le prêtre et l'évêque portent par devant, suspendue au cou et que le diacre porte en écharpe sur l'épaule gauche Etole
22%
Qu'appelait-on une "poulaine" au Moyen Âge ? Chaussure
19%
Quel nom est donné à un chemin de halage ?
17%
Quelle nom porte la nymphe des sources et des ruisseaux ? Naïade
15%
Qui a écrit le roman "La chamade" en 1965 ? Françoise Sagan
13%
Comment appelle-t-on le court instant, entre la marée haute et la marée basse, où l'eau ne monte plus et ne descend pas encore ? Etale
12%
Crête de rochers n'apparaissant qu'à marée basse dans la mer et dangereuse pour la navigation ( écueil, récif) Etoc
10%
Aucun quiz correspondant
Distribution des résultats
% des personnes avec chaque résultat
Percentile par nombre de réponses
Votre historique - résultats
Vous n’avez pas pris ce quiz